01150cam a22002658i 4500003000400000005001700004008004100021020003000062020003100092020002700123040002900150082002000179100003500199245019600234250001000430264003800440300003000478504004800508650005400556700001600610700002500626700003000651700002300681776018000704OSt20260703103807.0230829s2024 nyu b 001 0 eng  a9781032407272q(hardback) a9781032394909q(paperback) z9781003354499q(ebook) aKABLIBbengerdacKABLIB00a372.21223bUND1 aMueller, Jennifer J.,eauthor.10aUnderstanding research in early childhood education :bquanitative and qualitative methods /cJennifer J. Mueller and Nancy File with Andrew J. Stremmel, Iheoma U Iruka, and Kristin L. Whyte. a2 ed. 1aNew York, NY :bRoutledge,cc2024 avii,203 p. :bill,c26 cm aIncludes bibliographical references, index. 0aEarly childhood educationxResearchxMethodology.1 aFile, Nancy1 aStremmel, Andrew J.,1 aIruka, Iheoma U,eauthor.1 aWhyte, Kristin L.,08iOnline version :aMueller, Jennifer J.tUnderstanding research in early childhood educationbSecond edition.dNew York, NY : Routledge, [2024]z9781003354499w(DLC) 2023039436